000 01045nam a2200301 i 4500
001 46352
003 KOSZ 005
005 20200214143721.0
008 011010s2001 pl f |000 0 pol d
020 _a8371974035
040 _cKOSZ 005
_aKOSZ 005
_dKOSZ 005/HR
080 _a004.382.7
080 _a(07)
100 1 _aMetzger, Piotr
_eAutor
245 1 0 _aAnatomia PC :
_b[architektura komputerów zgodnych z IBM PC] /
_cPiotr Metzger.
250 _aWyd. 6.
260 _aGliwice :
_b"Helion",
_ccop. 2001.
300 _a950 s. :
_brys. ;
_c24 cm +
_eCD ROM.
504 _aIndeks
650 7 _aKomputery
650 7 _aBudowa i konstrukcje
655 _aPodręcznik
658 _aInformatyka i technologie informacyjne
710 2 _aHelion
_4pbl
856 _uhttp://koha.tu.koszalin.pl/cgi-bin/koha/opac-detail.pl?biblionumber=46352
_yKatalog online BPK
942 _cKS
_2UKD
999 _c46352
_d46352